000 00534nam a2200181Ia 4500
008 240925s9999 xx 000 0 und d
020 _a9789332518773
082 _a005.8 STA
100 _aStallings, William
245 0 _aCryptography and Network Security: principles and practice
250 _a6th
260 _aNew Delhi:
_bPearson Education
_c,2014.
300 _a165p.
_b0
_fOriginal
500 _aIncludes Index
600 _aEngineering Technology
650 _aComputer science, information & general works
942 _cBK
999 _c12925
_d12925